Геополитика и культура: аналитический обзор

Bibliographic Details
Main Author: Андрианова Т. В. Тамара Владимировна
Summary:В обзоре представлены основные направления взаимодействия геополитики и культуры. Развитие технологии рассматривается как неотъемлемый компонент их взаимодействия. Весь комплекс проблем рассмотрен на большом фактическом материале как в ретроспективе, так и в современном состоянии. Показано влияние культурного национального стереотипа на формирование геополитических концепций и на развитие культурного процесса. Рассматривается влияние геокультуры на национальные культуры, особенности их формирования.
Language:Russian
Published: Москва, Директ-Медиа, 2014
Subjects:
Format: MixedMaterials Book
KOHA link:https://koha.lib.tpu.ru/cgi-bin/koha/opac-detail.pl?biblionumber=251918

MARC

LEADER 00000nam0a2200000 4500
001 251918
005 20231101232712.0
010 |a 9785445851493 
035 |a (RuTPU)RU\TPU\book\274230 
090 |a 251918 
100 |a 20140225d2014 k y0rusy50 ca 
101 0 |a rus 
102 |a RU 
105 |a y z 001zy 
200 1 |a Геополитика и культура  |e аналитический обзор  |f Т. В. Андрианова 
210 |a Москва  |c Директ-Медиа  |d 2014 
215 |a 93 с. 
320 |a Библиогр.: с. 89-93. 
330 |a В обзоре представлены основные направления взаимодействия геополитики и культуры. Развитие технологии рассматривается как неотъемлемый компонент их взаимодействия. Весь комплекс проблем рассмотрен на большом фактическом материале как в ретроспективе, так и в современном состоянии. Показано влияние культурного национального стереотипа на формирование геополитических концепций и на развитие культурного процесса. Рассматривается влияние геокультуры на национальные культуры, особенности их формирования. 
606 1 |a Геополитика  |x Теория  |2 stltpush  |3 (RuTPU)RU\TPU\subj\6221  |9 34155 
606 1 |a Культура как общественное явление  |2 stltpush  |3 (RuTPU)RU\TPU\subj\16747  |9 42681 
610 1 |a геокультура 
610 1 |a культурный империализм 
610 1 |a Интернет 
610 1 |a геоменталитет 
610 1 |a планетарный разум 
610 1 |a геополитические концепции 
610 1 |a культурологический аспект 
610 1 |a геокультурное влияние 
610 1 |a глобализация 
686 |a Ф011.6  |v LBC/SL-A  |2 rubbk 
686 |a Ч111.5  |v LBC/SL-A  |2 rubbk 
700 1 |a Андрианова  |b Т. В.  |g Тамара Владимировна 
801 1 |a RU  |b 63413507  |c 20140225 
801 2 |a RU  |b 63413507  |c 20140617  |g RCR 
942 |c BK 
959 |a 37/20140225  |d 1  |e 486,26  |f ЧЗГЛ:1